000 00248nam a2200097Ia 4500
001 1253457
005 20251031150954.0
008 251031s9999 xx 000 0 und d
245 0 _cİSMAİL BİLGİN
_aV-13 ASKER SAİME
260 _bTİMAŞ YAYINLARI
999 _c1253457
_d1253457